[Event "HSK Osteropen 2023"]
[Site "Hamburg"]
[Date "2023.04.07"]
[Round "1.1"]
[White "Parvanyan, Ashot"]
[Black "Schacht, David"]
[Result "1-0"]
[WhiteElo "2429"]
[BlackElo "1541"]
[PlyCount "103"]
[EventDate "2023.04.07"]

1. Nf3 Nf6 2. c4 c5 3. d4 cxd4 4. Nxd4 e6 5. g3 Be7 6. Bg2 O-O 7. O-O Nc6 8.
Nc3 Nxd4 9. Qxd4 d6 10. b3 e5 11. Qd3 Rb8 12. Rd1 Bd7 13. Nb5 Bxb5 14. cxb5 Qd7
15. Be3 b6 16. a4 Rfd8 17. f4 exf4 18. Bxf4 Qe6 19. Rac1 Rd7 20. Rc6 Rbd8 21.
e4 Bf8 22. Qc4 Qxc4 23. bxc4 Ng4 24. Bh3 h5 25. Rd5 g6 26. Kg2 Kg7 27. Bxg4
hxg4 28. Rg5 Re8 29. Rxg4 f6 30. Kf3 Re6 31. Be3 Kf7 32. Rh4 g5 33. Rg4 Rde7
34. Bd2 Ke8 35. Rc8+ Kf7 36. h4 Bh6 37. hxg5 fxg5 38. Bxg5 Bxg5 39. Rxg5 Rxe4
40. Rd5 Re3+ 41. Kf4 Ra3 42. Rxd6 Rxa4 43. Rdc6 Rd7 44. R8c7 Rxc7 45. Rxc7+ Kf6
46. Rc6+ Kf7 47. Kf5 Ra1 48. Rc7+ Kf8 49. g4 Rf1+ 50. Kg6 Rf4 51. g5 Rf1 52.
Rxa7 1-0

[Event "HSK Osteropen 2023"]
[Site "Hamburg"]
[Date "2023.04.07"]
[Round "1.2"]
[White "Koch, Ralf-Johannes"]
[Black "Plenca, Julijan"]
[Result "0-1"]
[WhiteElo "1716"]
[BlackElo "2416"]
[PlyCount "52"]
[EventDate "2023.04.07"]

1. e4 c5 2. Nc3 Nc6 3. f4 g6 4. Nf3 Bg7 5. g3 Rb8 6. Bg2 d6 7. O-O b5 8. d3 b4
9. Ne2 a5 10. c3 Nf6 11. Qc2 O-O 12. h3 Qb6 13. Bd2 Ba6 14. c4 Nd7 15. Rab1 b3
16. axb3 Qxb3 17. Qxb3 Rxb3 18. Bc3 Rfb8 19. Nd2 R3b6 20. Bxg7 Kxg7 21. b3 Nb4
22. d4 Nc2 23. d5 Ne3 24. Rfc1 a4 25. bxa4 Rb2 26. Rxb2 Rxb2 0-1

[Event "HSK Osteropen 2023"]
[Site "Hamburg"]
[Date "2023.04.07"]
[Round "1.4"]
[White "Dorendorf, Mika"]
[Black "Woelk, Tom-Frederic"]
[Result "0-1"]
[WhiteElo "1717"]
[BlackElo "2292"]
[PlyCount "64"]
[EventDate "2023.04.07"]

1. d4 Nf6 2. c4 e6 3. Nc3 Bb4 4. e3 b6 5. Nf3 Bb7 6. Be2 O-O 7. O-O c5 8. Qc2
Nc6 9. a3 cxd4 10. exd4 Bxc3 11. Qxc3 d5 12. c5 a5 13. Bf4 a4 14. Bd6 Ne4 15.
Qc2 Nxd6 16. cxd6 Qxd6 17. Bb5 Rfc8 18. Qd1 Ra5 19. Bxa4 b5 20. Bc2 b4 21. a4
Ra7 22. Re1 g6 23. Ne5 Nxe5 24. dxe5 Qb6 25. Re3 d4 26. Re2 Ra5 27. Be4 Ba6 28.
Bd3 b3 29. Bxa6 Qxa6 30. Rd2 Rxa4 31. Rxa4 Qxa4 32. Rxd4 Qxd4 0-1

[Event "HSK Osteropen 2023"]
[Site "Hamburg"]
[Date "2023.04.07"]
[Round "1.5"]
[White "Spiric, Igor"]
[Black "Schulze, Tim"]
[Result "1-0"]
[WhiteElo "2259"]
[BlackElo "1663"]
[PlyCount "79"]
[EventDate "2023.04.07"]

1. d4 d5 2. c4 e6 3. Nc3 Nf6 4. cxd5 exd5 5. Bg5 c6 6. e3 Be7 7. Bd3 O-O 8. Qc2
h6 9. Bh4 Re8 10. Nge2 a5 11. f3 b5 12. O-O Ba6 13. Bf2 b4 14. Na4 Bxd3 15.
Qxd3 Nbd7 16. Rac1 Nb6 17. Nxb6 Qxb6 18. Qc2 Rac8 19. Qa4 c5 20. dxc5 Bxc5 21.
Nd4 Bxd4 22. exd4 Rxc1 23. Rxc1 Re2 24. Rc8+ Kh7 25. Qb3 Qe6 26. Qd3+ g6 27.
Rc2 Rxc2 28. Qxc2 Qa6 29. b3 Qe6 30. Qc7 Kg7 31. Qxa5 Qe2 32. Qxb4 Qxa2 33. g4
Qe2 34. Qc3 h5 35. g5 Ne8 36. Qc6 Qe6 37. Qxe6 fxe6 38. Bg3 Kf7 39. Be5 Ke7 40.
Kf2 1-0

[Event "HSK Osteropen 2023"]
[Site "Hamburg"]
[Date "2023.04.07"]
[Round "1.6"]
[White "Dawidzinski, Jan"]
[Black "Bracker, Arne"]
[Result "0-1"]
[WhiteElo "1618"]
[BlackElo "2254"]
[PlyCount "68"]
[EventDate "2023.04.07"]

1. d4 Nf6 2. c4 g6 3. Nc3 d6 4. e4 Bg7 5. Be2 O-O 6. Bg5 h6 7. Be3 Nbd7 8. Qd2
c5 9. d5 Kh7 10. h4 b5 11. cxb5 a6 12. h5 g5 13. Nh3 g4 14. Ng5+ Kg8 15. Ne6
fxe6 16. Bxh6 Ne5 17. Bxg7 Kxg7 18. f4 Nf7 19. e5 Nxd5 20. Nxd5 exd5 21. Qd3
Qa5+ 22. Kd1 Qa4+ 23. b3 Qe4 24. Qg3 Qd4+ 25. Kc2 Bf5+ 26. Bd3 Bxd3+ 27. Qxd3
Qxd3+ 28. Kxd3 axb5 29. h6+ Nxh6 30. e6 Rxf4 31. Rh5 Rf5 32. Rh4 b4 33. Rah1
Rf6 34. Rh5 Rxa2 0-1

[Event "HSK Osteropen 2023"]
[Site "Hamburg"]
[Date "2023.04.07"]
[Round "1.7"]
[White "Schmitzer, Klaus"]
[Black "Domschke, Stephan"]
[Result "1-0"]
[WhiteElo "2238"]
[BlackElo "1654"]
[PlyCount "71"]
[EventDate "2023.04.07"]

1. e4 d6 2. d4 e5 3. Ne2 c6 4. Be3 Nf6 5. f3 Qb6 6. Qc1 Nbd7 7. Nbc3 Qc7 8. g4
h6 9. Qd2 b5 10. Ng3 g6 11. O-O-O a5 12. h4 a4 13. Qg2 b4 14. Nce2 Nb6 15. Kb1
Nc4 16. Bc1 Be6 17. g5 Nd7 18. d5 cxd5 19. exd5 Bf5 20. Nxf5 gxf5 21. Ng3 f4
22. Ne4 Rg8 23. Qe2 Ndb6 24. Nf6+ Kd8 25. Nxg8 h5 26. Nf6 Bg7 27. Nxh5 Bh8 28.
Nf6 Rc8 29. Rh2 b3 30. cxb3 axb3 31. axb3 Na5 32. Qb5 Qa7 33. Qe8+ Kc7 34. Rc2+
Kb8 35. Rxc8+ Nxc8 36. Bh3 1-0

[Event "HSK Osteropen 2023"]
[Site "Hamburg"]
[Date "2023.04.07"]
[Round "1.10"]
[White "Malchereck, Romeo"]
[Black "Hovhannisyan, Artur"]
[Result "0-1"]
[WhiteElo "1579"]
[BlackElo "2198"]
[PlyCount "42"]
[EventDate "2023.04.07"]

1. e4 c5 2. d4 cxd4 3. c3 Nf6 4. e5 Nd5 5. cxd4 Nc6 6. Nc3 Nxc3 7. bxc3 d6 8.
exd6 Qxd6 9. Bd3 g6 10. Ne2 Bg7 11. a4 O-O 12. Ba3 Qc7 13. O-O Rd8 14. f4 f5
15. Qb3+ Kh8 16. Rad1 e6 17. Qa2 b6 18. Bc4 Na5 19. Bxe6 Bxe6 20. Qxe6 Nc4 21.
Bc1 Rd6 0-1

[Event "HSK Osteropen 2023"]
[Site "Hamburg"]
[Date "2023.04.07"]
[Round "1.12"]
[White "Schranz, Patrick"]
[Black "Kahlert, Thomas"]
[Result "0-1"]
[WhiteElo "1484"]
[BlackElo "2160"]
[PlyCount "76"]
[EventDate "2023.04.07"]

1. d4 Nf6 2. c4 g6 3. Nc3 d5 4. Nf3 Bg7 5. Bg5 dxc4 6. e3 Be6 7. Ne5 O-O 8.
Bxc4 Bxc4 9. Nxc4 c5 10. O-O cxd4 11. Qxd4 Qxd4 12. exd4 Nc6 13. d5 Nb4 14. Ne3
Rfd8 15. Rfd1 Rd7 16. a3 Na6 17. Nc4 Nc5 18. f3 h6 19. Be3 Nb3 20. Rab1 Ne8 21.
Ne4 b5 22. Ncd2 Nd4 23. Nc3 Nf5 24. Nf1 a6 25. Bf2 Bxc3 26. bxc3 Rc8 27. Rbc1
Nf6 28. Ne3 Nxe3 29. Bxe3 Rxd5 30. Rxd5 Nxd5 31. Bxh6 Rxc3 32. Rd1 e6 33. Bc1
Rc2 34. g3 f6 35. h4 Kf7 36. f4 Nc3 37. Re1 Rxc1 38. Rxc1 Ne2+ 0-1

[Event "HSK Osteropen 2023"]
[Site "Hamburg"]
[Date "2023.04.07"]
[Round "2.1"]
[White "Nahnsen, Kenneth"]
[Black "Parvanyan, Ashot"]
[Result "0-1"]
[WhiteElo "2021"]
[BlackElo "2429"]
[PlyCount "42"]
[EventDate "2023.04.07"]

1. d4 Nf6 2. c4 c5 3. d5 g6 4. Nc3 Bg7 5. e4 d6 6. Nge2 O-O 7. Ng3 e6 8. h4
exd5 9. cxd5 h5 10. Bg5 Qa5 11. Be2 Re8 12. O-O Nh7 13. Bd2 Qd8 14. Bf4 Bf8 15.
Bb5 Nd7 16. Qd2 Qxh4 17. Rae1 a6 18. Be2 Ne5 19. Bxe5 Rxe5 20. f4 Re8 21. Qd3
Bg7 0-1

[Event "HSK Osteropen 2023"]
[Site "Hamburg"]
[Date "2023.04.07"]
[Round "2.2"]
[White "Plenca, Julijan"]
[Black "Kotyk, Michael"]
[Result "0-1"]
[WhiteElo "2416"]
[BlackElo "2012"]
[PlyCount "108"]
[EventDate "2023.04.07"]

1. e4 e5 2. Nf3 Nc6 3. d4 exd4 4. Nxd4 Nf6 5. Nxc6 bxc6 6. e5 Qe7 7. Qe2 Nd5 8.
h4 f6 9. exf6 Qxe2+ 10. Bxe2 Nxf6 11. Bf4 Nd5 12. Bd2 Rb8 13. b3 Be7 14. Bg5
Bb4+ 15. Kf1 O-O 16. Bf3 h6 17. Bd2 Be7 18. Nc3 Bf6 19. Bxd5+ cxd5 20. Re1 Bd4
21. Nd1 Ba6+ 22. Kg1 Rbe8 23. Rxe8 Rxe8 24. Be3 Bf6 25. c3 Be2 26. Kh2 Bxh4 27.
Re1 Bh5 28. Nb2 Bf6 29. Rc1 d6 30. Nd3 c5 31. b4 d4 32. cxd4 cxd4 33. Bf4 Be2
34. Re1 Kf7 35. Nc1 d3 36. Bd2 d5 37. Kg3 d4 38. f4 Rc8 39. Nxe2 dxe2 40. Kf3
d3 41. g3 Bd4 42. Ke4 Bf2 43. Kxd3 Bxe1 44. Bxe1 Rc1 45. Kxe2 Rc2+ 46. Kf3 Rxa2
47. Bf2 h5 48. b5 g6 49. Bc5 Ke6 50. g4 Kd5 51. Be3 h4 52. b6 a5 53. f5 gxf5
54. g5 h3 0-1

[Event "HSK Osteropen 2023"]
[Site "Hamburg"]
[Date "2023.04.07"]
[Round "2.3"]
[White "Avdic, Faris"]
[Black "Bracker, Frank"]
[Result "1/2-1/2"]
[WhiteElo "2052"]
[BlackElo "2314"]
[PlyCount "124"]
[EventDate "2023.04.07"]

1. d4 Nf6 2. c4 e6 3. Nc3 d5 4. cxd5 exd5 5. Bg5 Be7 6. e3 O-O 7. Bd3 Re8 8.
Qc2 Nbd7 9. Nge2 c6 10. O-O Nf8 11. Bxf6 Bxf6 12. b4 a6 13. a4 g6 14. Nc1 Be7
15. Qb3 Bd6 16. Be2 h5 17. Nd3 h4 18. b5 a5 19. Rac1 Ne6 20. f4 f6 21. Bf3 Kh7
22. Ne2 Bd7 23. e4 dxe4 24. Bxe4 Ng7 25. Bf3 cxb5 26. axb5 a4 27. Qd5 Qe7 28.
Rfe1 Rab8 29. Nc3 Be6 30. Qe4 a3 31. d5 Bf5 32. Qd4 Qd8 33. Nf2 Rc8 34. Nfe4
Kh8 35. g3 Rf8 36. Qf2 Bb4 37. Red1 Bxe4 38. Nxe4 b6 39. g4 Rxc1 40. Qxh4+ Kg8
41. Rxc1 Bc5+ 42. Nxc5 bxc5 43. Qf2 Qd6 44. Qxc5 Qxf4 45. Qxa3 f5 46. g5 Re8
47. Rf1 Re3 48. Qa8+ Kh7 49. Bg2 Qxg5 50. b6 Re2 51. d6 Qe3+ 52. Kh1 Qxb6 53.
d7 Rd2 54. Bd5 Ne6 55. Bxe6 Qxe6 56. d8=Q Rxd8 57. Qxd8 Qe4+ 58. Kg1 Qg4+ 59.
Kf2 Qf4+ 60. Ke2 Qe4+ 61. Kd2 Qg2+ 62. Ke1 Qe4+ 1/2-1/2

[Event "HSK Osteropen 2023"]
[Site "Hamburg"]
[Date "2023.04.07"]
[Round "2.4"]
[White "Woelk, Tom-Frederic"]
[Black "Debertshäuser, Jörn"]
[Result "1-0"]
[WhiteElo "2292"]
[BlackElo "2049"]
[PlyCount "63"]
[EventDate "2023.04.07"]

1. e4 c5 2. Nf3 Nc6 3. d4 cxd4 4. Nxd4 Nf6 5. Nc3 e5 6. Ndb5 d6 7. Nd5 Nxd5 8.
exd5 Ne7 9. c4 Nf5 10. Bd3 g6 11. O-O a6 12. Nc3 Bg7 13. Bd2 O-O 14. b4 b6 15.
a4 Rb8 16. Ra3 Nd4 17. Be3 Nf5 18. Bd2 Nd4 19. f3 Qc7 20. Be3 Bf5 21. Ne2 Bxd3
22. Qxd3 Rfc8 23. Rc1 Nxe2+ 24. Qxe2 a5 25. Rb3 b5 26. cxb5 Qxc1+ 27. Bxc1
Rxc1+ 28. Kf2 Rbc8 29. b6 axb4 30. b7 Rb8 31. Qa6 Rc2+ 32. Kg3 1-0

[Event "HSK Osteropen 2023"]
[Site "Hamburg"]
[Date "2023.04.07"]
[Round "2.5"]
[White "Neuendorf, Max"]
[Black "Spiric, Igor"]
[Result "1/2-1/2"]
[WhiteElo "2000"]
[BlackElo "2259"]
[PlyCount "55"]
[EventDate "2023.04.07"]

1. e4 e6 2. d4 b6 3. Bd3 Bb7 4. Nf3 d6 5. Qe2 Nd7 6. Bf4 Ne7 7. Nbd2 Ng6 8. Bg3
Be7 9. c3 e5 10. O-O-O exd4 11. Nxd4 Nde5 12. Bc2 Bg5 13. Bxe5 dxe5 14. Nf5 O-O
15. g3 Qf6 16. h4 Bxd2+ 17. Rxd2 Ne7 18. Ne3 Rad8 19. Rxd8 {(=)} Rxd8 20. Rf1
Qg6 21. h5 Qg5 22. Kb1 h6 23. a3 Rd6 24. Ka1 Bc8 25. Rd1 Qf6 26. Rf1 Qg5 27.
Rd1 Qf6 28. Rf1 1/2-1/2

[Event "HSK Osteropen 2023"]
[Site "Hamburg"]
[Date "2023.04.07"]
[Round "2.6"]
[White "Bracker, Arne"]
[Black "Hopson, Kevin Mike"]
[Result "1-0"]
[WhiteElo "2254"]
[BlackElo "1968"]
[PlyCount "69"]
[EventDate "2023.04.07"]

1. e4 e5 2. Nf3 Nc6 3. Bb5 a6 4. Ba4 Nf6 5. O-O Be7 6. d3 b5 7. Bb3 O-O 8. Nc3
d6 9. a3 Na5 10. Ba2 Be6 11. b4 Bxa2 12. Rxa2 Nc6 13. Bg5 Nd7 14. Be3 f5 15.
Nd5 f4 16. Bd2 Nf6 17. c4 Nxd5 18. cxd5 Nb8 19. d4 g5 20. dxe5 dxe5 21. Bc3 Nd7
22. Nxe5 Nxe5 23. Bxe5 f3 24. gxf3 Bd6 25. Bxd6 Qxd6 26. Kh1 Rf4 27. Rg1 h6 28.
Rc2 Rh4 29. Rg3 Qg6 30. Rxc7 Qh5 31. Rg2 Rf8 32. Qd4 Qg6 33. Rg3 g4 34. Qc3 h5
35. Rc8 1-0

[Event "HSK Osteropen 2023"]
[Site "Hamburg"]
[Date "2023.04.07"]
[Round "2.7"]
[White "Porth, Hartmut"]
[Black "Schmitzer, Klaus"]
[Result "1/2-1/2"]
[WhiteElo "1961"]
[BlackElo "2238"]
[PlyCount "102"]
[EventDate "2023.04.07"]

1. e4 c6 2. d4 d5 3. exd5 cxd5 4. Bd3 Nc6 5. c3 Nf6 6. Bf4 g6 7. Nf3 Bg7 8. h3
O-O 9. O-O Nh5 10. Bh2 f5 11. Re1 Qb6 12. Qb3 Qxb3 13. axb3 Bd7 14. b4 a6 15.
Ne5 Nxe5 16. Bxe5 Bh6 17. Na3 f4 18. Be2 Nf6 19. Bxf6 Rxf6 20. Bf3 e6 21. Nb1
Bf8 22. Nd2 Bb5 23. Be2 Bxe2 24. Rxe2 Bd6 25. Nf3 h6 26. Kf1 g5 27. Ke1 Kf7 28.
Kd2 Ke7 29. Kd3 Kd7 30. b3 Rg8 31. Ne5+ Bxe5 32. Rxe5 g4 33. h4 Rc8 34. c4
dxc4+ 35. bxc4 Rc6 36. b5 Rb6 37. bxa6 bxa6 38. Kc3 Rf8 39. c5 Rc6 40. Rh5 Rf6
41. Kc4 Kc7 42. Re5 Kb7 43. Rb1+ Kc7 44. Rbe1 Kb7 45. d5 exd5+ 46. Kxd5 Rc7 47.
Rb1+ Ka7 48. Rbe1 Kb7 49. Rb1+ Ka7 50. Rbe1 Kb7 51. Rb1+ Ka7 1/2-1/2

[Event "HSK Osteropen 2023"]
[Site "Hamburg"]
[Date "2023.04.07"]
[Round "2.8"]
[White "Popvasilev, Kaloyan"]
[Black "Fabig, Holger"]
[Result "1-0"]
[WhiteElo "2223"]
[BlackElo "1990"]
[PlyCount "55"]
[EventDate "2023.04.07"]

1. e4 e6 2. d3 d5 3. Qe2 Nf6 4. e5 Nfd7 5. Nf3 Be7 6. h4 c5 7. g3 Nc6 8. Bg2 h6
9. h5 b6 10. c4 dxc4 11. dxc4 Bb7 12. O-O Nd4 13. Nxd4 Bxg2 14. Kxg2 cxd4 15.
Rd1 Bc5 16. Nd2 O-O 17. Nf3 Qc7 18. Bf4 Qc6 19. Kg1 b5 20. cxb5 Qb6 21. a3 f6
22. exf6 Rxf6 23. b4 Be7 24. Rxd4 Qb7 25. Rc1 e5 26. Nxe5 Bd6 27. Qc4+ Kh7 28.
Qd3+ 1-0

[Event "HSK Osteropen 2023"]
[Site "Hamburg"]
[Date "2023.04.07"]
[Round "2.10"]
[White "Hovhannisyan, Artur"]
[Black "Klaas, Heiko"]
[Result "1/2-1/2"]
[WhiteElo "2198"]
[BlackElo "1965"]
[PlyCount "110"]
[EventDate "2023.04.07"]

1. Nf3 d5 2. e3 Nf6 3. c4 e6 4. b3 c5 5. Bb2 Nc6 6. cxd5 exd5 7. Bb5 Bg4 8. h3
Bh5 9. g4 Bg6 10. Ne5 Qc7 11. f4 Bd6 12. Nf3 h6 13. O-O O-O 14. Bxf6 gxf6 15.
f5 Bh7 16. Bxc6 Qxc6 17. Nc3 d4 18. exd4 cxd4 19. Ne2 d3 20. Nc3 Rfe8 21. Kg2
b5 22. a3 a5 23. Qb1 Bf4 24. Rf2 Rad8 25. b4 Bxd2 26. Rxd2 Qxc3 27. Qb2 axb4
28. axb4 Qc6 29. Rc1 Qd6 30. Rcd1 Re3 31. Re1 Rde8 32. Rxe3 Rxe3 33. Qd4 Qe7
34. Rxd3 Rxd3 35. Qxd3 Qxb4 36. Nd4 h5 37. Kf3 hxg4+ 38. hxg4 Qd6 39. Qe3 b4
40. Ne2 Qd1 41. Kg3 Qe1+ 42. Kf3 b3 43. Qc3 Qf1+ 44. Ke3 Qh3+ 45. Kf4 Qh2+ 46.
Kf3 Qb8 47. Qb2 Qb7+ 48. Kg3 Qe4 49. Nc1 Qe3+ 50. Kg2 Qf4 51. Kh3 Qf3+ 52. Kh4
Qf4 53. Kh3 Qf3+ 54. Kh4 Qf4 55. Kh3 Qf3+ 1/2-1/2

[Event "HSK Osteropen 2023"]
[Site "Hamburg"]
[Date "2023.04.07"]
[Round "2.11"]
[White "Gerdau, Niklas"]
[Black "Brinkmann, Fabian"]
[Result "1-0"]
[WhiteElo "1804"]
[BlackElo "2187"]
[PlyCount "147"]
[EventDate "2023.04.07"]

1. d4 Nf6 2. c4 e6 3. Nf3 d5 4. Nc3 dxc4 5. Bg5 Be7 6. e3 a6 7. a4 h6 8. Bh4 b6
9. Bxc4 Bb7 10. O-O O-O 11. Qe2 Nbd7 12. Rfd1 Nd5 13. Bg3 Bd6 14. Bxd6 cxd6 15.
Nxd5 exd5 16. Bd3 Nf6 17. Rdc1 Qd7 18. Ne1 Rfc8 19. Rxc8+ Qxc8 20. Nc2 Ne8 21.
Qf1 Nc7 22. Rc1 Qd7 23. Nb4 Rc8 24. Qd1 b5 25. axb5 Nxb5 26. Ra1 Nc7 27. Ra5
Bc6 28. Nxa6 Nxa6 29. Bxa6 Rb8 30. Qd2 Qc7 31. b4 Qb6 32. b5 Bd7 33. h3 Qc7 34.
Ra1 Bxb5 35. Bxb5 Rxb5 36. Ra8+ Rb8 37. Qa5 Qxa5 38. Rxa5 Rb6 39. Rxd5 g6 40.
Ra5 h5 41. g4 hxg4 42. hxg4 Kf8 43. Ra7 Ke8 44. Kg2 Rb5 45. f4 Rb3 46. Kf3 Rb4
47. f5 gxf5 48. gxf5 Rb1 49. Ke4 Rf1 50. Rb7 Rf2 51. Rb8+ Ke7 52. Rh8 d5+ 53.
Kxd5 Rxf5+ 54. Ke4 Ra5 55. Rh6 Kd7 56. Rf6 Ke7 57. Rf5 Ra4 58. Re5+ Kf6 59. Re8
Ra5 60. d5 Ra4+ 61. Kd3 Kg7 62. Re4 Ra3+ 63. Kd4 Kf8 64. d6 Ra1 65. Kd5 Rd1+
66. Kc6 Rc1+ 67. Kd7 Rc3 68. Re8+ Kg7 69. Kd8 Rc6 70. d7 Rc3 71. Ke7 Rxe3+ 72.
Kd6 Rd3+ 73. Kc6 Rc3+ 74. Kb5 1-0

[Event "HSK Osteropen 2023"]
[Site "Hamburg"]
[Date "2023.04.07"]
[Round "2.12"]
[White "Kahlert, Thomas"]
[Black "Kort, Felix"]
[Result "1-0"]
[WhiteElo "2160"]
[BlackElo "1826"]
[PlyCount "49"]
[EventDate "2023.04.07"]

1. d4 Nf6 2. Nf3 e6 3. c4 b6 4. g3 Ba6 5. Qa4 Bb7 6. Bg2 Be7 7. O-O O-O 8. Nc3
Ne4 9. Nxe4 Bxe4 10. Ne1 Bxg2 11. Nxg2 f5 12. Bd2 g5 13. Rad1 d6 14. Qc2 Qe8
15. e4 Qg6 16. exf5 exf5 17. Rde1 Bf6 18. Ne3 Bxd4 19. Nd5 Nc6 20. Qa4 f4 21.
Qxc6 Qd3 22. Bc3 fxg3 23. Ne7+ Kh8 24. Rd1 gxf2+ 25. Kg2 1-0

[Event "HSK Osteropen 2023"]
[Site "Hamburg"]
[Date "2023.04.08"]
[Round "3.1"]
[White "Parvanyan, Ashot"]
[Black "Callsen, Niklas"]
[Result "1-0"]
[WhiteElo "2429"]
[BlackElo "2099"]
[PlyCount "65"]
[EventDate "2023.04.07"]

1. Nf3 Nf6 2. g3 g6 3. Bg2 Bg7 4. O-O O-O 5. d4 d6 6. c4 Nc6 7. Nc3 e5 8. d5
Nb8 9. e4 a5 10. Ne1 Na6 11. Nd3 Nd7 12. Be3 f5 13. exf5 gxf5 14. f4 Nb6 15.
Bxb6 cxb6 16. fxe5 dxe5 17. Rc1 Bd7 18. Qh5 Rc8 19. b3 Be8 20. Qe2 Qd6 21. g4
e4 22. Nf4 Nc5 23. gxf5 Rxf5 24. Nxe4 Nxe4 25. Qxe4 Re5 26. Qf3 Bd7 27. Bh3 Rf8
28. Bxd7 Qxd7 29. Qg2 Rf6 30. Kh1 Ref5 31. Ne6 Qf7 32. Rxf5 Rxf5 33. Rg1 1-0

[Event "HSK Osteropen 2023"]
[Site "Hamburg"]
[Date "2023.04.08"]
[Round "3.2"]
[White "Parvanyan, Alfred"]
[Black "Woelk, Tom-Frederic"]
[Result "0-1"]
[WhiteElo "2125"]
[BlackElo "2292"]
[PlyCount "92"]
[EventDate "2023.04.07"]

1. d4 Nf6 2. c4 e6 3. Nc3 Bb4 4. Qb3 c5 5. Nf3 Ne4 6. e3 Qa5 7. Bd2 Nxd2 8.
Nxd2 cxd4 9. exd4 e5 10. d5 Bxc3 11. bxc3 Na6 12. Be2 O-O 13. O-O d6 14. Rfc1
Nc5 15. Qb4 Qc7 16. Nb3 Na6 17. Qa5 {(=)} b6 18. Qb5 Qb7 19. a4 Bd7 20. Na5 Qc8
21. Nc6 Bxc6 22. dxc6 Nc5 23. Rd1 Qc7 24. Rdb1 Rab8 25. h3 g6 26. Rd1 a6 27.
Qb4 Qxc6 28. a5 bxa5 29. Qxa5 Nb3 30. Qa4 Qxa4 31. Rxa4 Nc5 32. Rb4 Ne4 33. Bf3
Nxc3 34. Rxb8 Rxb8 35. Rd3 Rb3 36. Kh2 Kf8 37. Rxd6 e4 38. Bd1 Ke7 39. Rd4 Rb2
40. Kg3 Rb1 41. Bc2 Ne2+ 42. Kh4 Nxd4 43. Bxb1 f5 44. Kg5 Ne6+ 45. Kh6 a5 46.
Kxh7 f4 0-1

[Event "HSK Osteropen 2023"]
[Site "Hamburg"]
[Date "2023.04.08"]
[Round "3.3"]
[White "Zieher, Hartmut"]
[Black "Bracker, Arne"]
[Result "1/2-1/2"]
[WhiteElo "2117"]
[BlackElo "2254"]
[PlyCount "120"]
[EventDate "2023.04.07"]

1. e4 e5 2. Nf3 Nc6 3. Bb5 a6 4. Ba4 Nf6 5. O-O b5 6. Bb3 Bc5 7. c3 d6 8. a4
Rb8 9. d4 Bb6 10. axb5 axb5 11. Na3 Bg4 12. Nxb5 O-O 13. Bc2 exd4 14. Nbxd4
Nxd4 15. cxd4 Bxf3 16. gxf3 Nh5 17. Be3 Qh4 18. Kh1 c5 19. Rg1 Qh3 20. Bd3 cxd4
21. Bf1 Qe6 22. Bxd4 Bxd4 23. Qxd4 Qe5 24. Qe3 g6 25. Rb1 Rxb2 26. Rxb2 Qxb2
27. f4 Qf6 28. f5 Ra8 29. Qf3 Ra1 30. Be2 Rxg1+ 31. Kxg1 Qe5 32. fxg6 hxg6 33.
Bf1 Nf4 34. Kh1 Kg7 35. Kg1 Ne6 36. Qe3 Kf6 37. Qf3+ Nf4 38. Qe3 g5 39. Kh1 d5
40. exd5 Qxe3 41. fxe3 Nxd5 42. e4 Nc3 43. Bc4 Nxe4 44. Kg2 Nd6 45. Bb3 Kf5 46.
Kf3 g4+ 47. Kg3 Ne4+ 48. Kg2 f6 49. h3 gxh3+ 50. Kxh3 Ke5 51. Kg2 f5 52. Bc2
Kf4 53. Kf1 Ke3 54. Ke1 Kf3 55. Bb1 Ke3 56. Bc2 f4 57. Bxe4 Kxe4 58. Ke2 f3+
59. Kf2 Kf4 60. Kf1 Ke3 1/2-1/2

[Event "HSK Osteropen 2023"]
[Site "Hamburg"]
[Date "2023.04.08"]
[Round "3.4"]
[White "Kull, Florian"]
[Black "Popvasilev, Kaloyan"]
[Result "1-0"]
[WhiteElo "2112"]
[BlackElo "2223"]
[PlyCount "73"]
[EventDate "2023.04.07"]

1. Nf3 g6 2. g3 Bg7 3. Bg2 d6 4. O-O Bd7 5. c4 Qc8 6. d4 Bh3 7. Qa4+ c6 8. Nc3
Nh6 9. Bg5 Bxg2 10. Kxg2 Qd7 11. Rad1 O-O 12. e4 Qc7 13. Qc2 f6 14. Be3 Nd7 15.
h3 e5 16. c5 Nf7 17. cxd6 Nxd6 18. Nd5 Qb8 19. dxe5 Nxe5 20. Nf4 Nxf3 21. Bc5
Rd8 22. Kxf3 Nf7 23. Qc4 b6 24. Be7 Re8 25. Rd7 b5 26. Qb3 Qe5 27. Nd3 Qh5+ 28.
Kg2 g5 29. Nc5 g4 30. hxg4 Qxg4 31. Bxf6 Qg6 32. Bxg7 Kxg7 33. Rfd1 Re5 34.
R1d6 Qh5 35. Rxc6 Rae8 36. Rcc7 Rf8 37. Ne6+ 1-0

[Event "HSK Osteropen 2023"]
[Site "Hamburg"]
[Date "2023.04.08"]
[Round "3.6"]
[White "Schell, Franz Jürgen"]
[Black "Kahlert, Thomas"]
[Result "1-0"]
[WhiteElo "2068"]
[BlackElo "2160"]
[PlyCount "53"]
[EventDate "2023.04.07"]

1. c4 e5 2. g3 Nc6 3. Bg2 g6 4. Nc3 Bg7 5. e3 d6 6. Nge2 f5 7. d3 Nf6 8. O-O
O-O 9. Rb1 Be6 10. Nd5 Qd7 11. Nec3 a6 12. b4 Rab8 13. Qa4 Kh8 14. Nxf6 Bxf6
15. Nd5 Kg7 16. Bd2 Qf7 17. f4 Ne7 18. Nxc7 d5 19. Nxe6+ Qxe6 20. cxd5 Nxd5 21.
Qb3 Rfd8 22. Rfc1 Qd6 23. fxe5 Bxe5 24. Rc5 Nf6 25. d4 Nd7 26. Rd5 Qe7 27. dxe5
1-0

[Event "HSK Osteropen 2023"]
[Site "Hamburg"]
[Date "2023.04.08"]
[Round "3.7"]
[White "Franke, Lutz"]
[Black "Gerdau, Niklas"]
[Result "1/2-1/2"]
[WhiteElo "2151"]
[BlackElo "1804"]
[PlyCount "139"]
[EventDate "2023.04.07"]

1. c4 c6 2. Nf3 Nf6 3. Nc3 d5 4. e3 g6 5. d4 Bg7 6. h3 O-O 7. Bd2 Bf5 8. cxd5
cxd5 9. Qb3 b6 10. Ne5 Bc8 11. Rc1 Bb7 12. Nb5 Na6 13. Bd3 Ne4 14. Nc6 Bxc6 15.
Rxc6 Qd7 16. Rc2 Rfc8 17. Bxe4 dxe4 18. Nc3 e5 19. Nxe4 exd4 20. Rxc8+ Rxc8 21.
O-O d3 22. Bc3 Nc5 23. Nxc5 Rxc5 24. Bxg7 Kxg7 25. Rd1 d2 26. Kf1 a5 27. Ke2 a4
28. Qd3 Rd5 29. Qc3+ Kg8 30. Rxd2 Rxd2+ 31. Qxd2 Qb5+ 32. Ke1 Qg5 33. g3 h5 34.
Qd4 b5 35. Kf1 Qf5 36. Kg2 Qe6 37. a3 Qc6+ 38. e4 Qc2 39. h4 Qe2 40. e5 Kh7 41.
Qd5 Kg8 42. Qd8+ Kg7 43. Qf6+ Kg8 44. Qd8+ Kg7 45. Qd4 Kg8 46. Qc3 Kh7 47. Qf3
Qxe5 48. Qxf7+ Kh6 49. Qf4+ Qxf4 50. gxf4 Kg7 51. Kf3 Kf6 52. Ke4 Ke6 53. f5+
gxf5+ 54. Kf4 Kd5 55. Kxf5 Kc4 56. f4 Kb3 57. Kg6 Kxb2 58. f5 Kxa3 59. f6 b4
60. f7 b3 61. f8=Q+ Ka2 62. Kxh5 b2 63. Qf7+ Ka3 64. Qf3+ Ka2 65. Qd5+ Ka3 66.
Qd3+ Ka2 67. Qc4+ Ka3 68. Qc5+ Ka2 69. Qd5+ Ka3 70. Qe4 1/2-1/2

[Event "HSK Osteropen 2023"]
[Site "Hamburg"]
[Date "2023.04.08"]
[Round "3.8"]
[White "Kotyk, Michael"]
[Black "Hovhannisyan, Artur"]
[Result "1/2-1/2"]
[WhiteElo "2012"]
[BlackElo "2198"]
[PlyCount "201"]
[EventDate "2023.04.07"]

1. d4 Nf6 2. c4 e6 3. Nc3 d5 4. cxd5 exd5 5. Bg5 c6 6. e3 Be7 7. Bd3 Nbd7 8. h3
Nf8 9. Qc2 Ne6 10. Bh4 g6 11. Nf3 O-O 12. O-O Ng7 13. Bxf6 Bxf6 14. b4 a6 15.
a4 a5 16. b5 Bd7 17. bxc6 bxc6 18. Ne2 Ne6 19. Rab1 Ng5 20. Nxg5 Bxg5 21. Nc1
Be7 22. Nb3 Ra7 23. Nc5 Bc8 24. Qb2 Bd6 25. Qb6 Rc7 26. f4 Re8 27. Rf3 Qf6 28.
Re1 g5 29. fxg5 Qxg5 30. Qxa5 Rce7 31. Qd2 Kh8 32. Ref1 Rxe3 33. Rxe3 Rxe3 34.
Qf2 Bxh3 35. Qf6+ Qxf6 36. Rxf6 Bxc5 37. dxc5 Rxd3 38. gxh3 Ra3 39. Rxc6 Rxa4
40. Rd6 d4 41. c6 Rc4 42. Kf2 Rc3 43. Rxd4 Rxc6 44. Kg3 Kg7 45. Ra4 Kg6 46.
Rg4+ Kf6 47. Rb4 Kg7 48. Ra4 h6 49. Rb4 Kf6 50. Rf4+ Ke6 51. Re4+ Kf6 52. Rf4+
Kg7 53. Ra4 Re6 54. Kg4 Kg6 55. Ra8 Re4+ 56. Kf3 Rb4 57. Ra6+ f6 58. Ra8 h5 59.
Rg8+ Kf5 60. Rh8 Rb3+ 61. Kg2 Kg5 62. Ra8 f5 63. Ra2 Re3 64. Ra4 h4 65. Rb4
Re2+ 66. Kg1 Re4 67. Rb5 Kf4 68. Kf2 Rc4 69. Rb2 Rd4 70. Ra2 Rd3 71. Ra4+ Kg5
72. Kg2 Rd2+ 73. Kg1 Re2 74. Rb4 Re4 75. Rb5 Rc4 76. Kf2 Kf4 77. Rb2 Rc3 78.
Rb4+ Kg5 79. Kg2 Rc2+ 80. Kg1 Rc5 81. Kg2 f4 82. Rb8 Kf5 83. Rf8+ Ke4 84. Re8+
Re5 85. Ra8 Re6 86. Kf2 Rd6 87. Rc8 Kf5 88. Rf8+ Rf6 89. Ra8 Re6 90. Ra5+ Re5
91. Ra8 Rd5 92. Rf8+ Ke4 93. Re8+ Re5 94. Ra8 Re7 95. Ra4+ Kf5 96. Ra5+ Re5 97.
Ra8 Re3 98. Rf8+ Kg5 99. Rg8+ Kf5 100. Rf8+ Ke4 101. Re8+ 1/2-1/2